[Event "VIII Festival A"]
[Site "Amantea ITA"]
[Date "2010.09.03"]
[Round "7"]
[White "Santagati, Alessandro"]
[Black "Scerbo, Antonio"]
[Result "1-0"]
[WhiteElo "2187"]
[BlackElo "2116"]
[PlyCount "95"]
[EventDate "2010.08.29"]

1. d4 Nf6 2. Nf3 g6 3. c4 Bg7 4. Nc3 O-O 5. e4 d6 6. Be2 e5 7. O-O Nc6 8. d5
Ne7 9. Ne1 Nd7 10. Be3 f5 11. f3 f4 12. Bf2 g5 13. Nb5 b6 14. b4 Ng6 15. Nd3
Rf7 16. c5 Bf8 17. a4 Rg7 18. a5 Ba6 19. Nxc7 Qxc7 20. axb6 axb6 21. c6 b5 22.
cxd7 Rxd7 23. Ra5 Be7 24. Qa1 Qb7 25. Nc5 dxc5 26. bxc5 Rdd8 27. Qa2 Qc8 28.
d6+ Kg7 29. dxe7 Nxe7 30. Ra1 Bb7 31. Bxb5 Qc7 32. Rxa8 Rxa8 33. Qb2 Rxa1+ 34.
Qxa1 Nc6 35. Qd1 Kf6 36. h3 Ke7 37. Qa4 Kf6 38. Qc4 Qa5 39. Qd3 Qc7 40. Kh2 Ke7
41. Ba4 Na5 42. Be1 Nc6 43. Qc4 Nd4 44. Bc3 Nc6 45. Qg8 Kf6 46. Bb3 Qe7 47. h4
h6 48. h5 1-0

[Event "VIII Festival A"]
[Site "Amantea ITA"]
[Date "2010.09.04"]
[Round "8"]
[White "Abatino, Maurizio"]
[Black "Santagati, Alessandro"]
[Result "1/2-1/2"]
[WhiteElo "2163"]
[BlackElo "2187"]
[PlyCount "104"]
[EventDate "2010.08.29"]

1. d4 Nf6 2. c4 e6 3. Nc3 Bb4 4. e3 c5 5. Bd3 d5 6. Nf3 Nc6 7. O-O O-O 8. a3
Ba5 9. h3 h6 10. cxd5 exd5 11. dxc5 Bxc3 12. bxc3 Qa5 13. Qc2 Qxc5 14. c4 dxc4
15. Bxc4 Be6 16. Bd3 Qh5 17. Qe2 Rad8 18. Bb2 Nh7 19. Nd4 Qxe2 20. Bxe2 Nxd4
21. Bxd4 b6 22. Rac1 Rd5 23. Rc3 Ra5 24. f3 Rd8 25. Rd1 Nf8 26. Rdc1 Ng6 27.
Rd1 Re8 28. Kf2 Nh4 29. g4 h5 30. Rb1 Ng6 31. Rb5 Rxb5 32. Bxb5 Rc8 33. Rxc8+
Bxc8 34. gxh5 Ne7 35. e4 Bxh3 36. a4 Bc8 37. Be3 Kh7 38. Be8 Be6 39. a5 bxa5
40. Bxa7 Bb3 41. Be3 a4 42. Bc1 Nc8 43. Bb5 Nb6 44. Kg3 Bc4 45. Be3 a3 46. Bxb6
a2 47. Bd4 Bxb5 48. Kg4 Be2 49. Ba1 Bc4 50. Bd4 f6 51. e5 Be6+ 52. Kh4 fxe5
1/2-1/2

[Event "VIII Festival A"]
[Site "Amantea ITA"]
[Date "2010.09.04"]
[Round "8"]
[White "Bentivegna, Francesco"]
[Black "Milchev, Nikolay"]
[Result "1/2-1/2"]
[WhiteElo "2340"]
[BlackElo "2360"]
[PlyCount "69"]
[EventDate "2010.08.29"]

1. e4 e5 2. f4 exf4 3. Bc4 Ne7 4. d4 Ng6 5. Nf3 Be7 6. O-O O-O 7. Nc3 d6 8. Ne2
Be6 9. Qd3 c6 10. Nxf4 Nxf4 11. Bxf4 Bxc4 12. Qxc4 Nd7 13. Rae1 Nf6 14. Qd3 d5
15. exd5 Nxd5 16. Bd2 Bf6 17. c4 Nc7 18. Bc3 Re8 19. Rxe8+ Nxe8 20. Qf5 Nd6 21.
Qd3 Ne8 22. b3 Qd7 23. Qe3 Rd8 24. Re1 Nd6 25. Ne5 Qf5 26. Bb4 h6 27. h3 Qg5
28. Qf2 Qh4 29. Bc3 Qxf2+ 30. Kxf2 Nf5 31. Re4 Nd6 32. Re2 Nf5 33. Re4 Nd6 34.
Re2 Nf5 35. Re4 1/2-1/2

[Event "VIII Festival A"]
[Site "Amantea ITA"]
[Date "2010.09.04"]
[Round "8"]
[White "Bifulco, Michel"]
[Black "Forlano, Luigi"]
[Result "1-0"]
[WhiteElo "1952"]
[BlackElo "2035"]
[PlyCount "93"]
[EventDate "2010.08.29"]

1. d4 d5 2. c4 c6 3. Nf3 Nf6 4. Nc3 a6 5. cxd5 cxd5 6. Bf4 Nc6 7. e3 Nh5 8. Bg3
Nxg3 9. hxg3 e6 10. Rc1 g6 11. Bd3 Bg7 12. O-O O-O 13. Na4 e5 14. dxe5 Nxe5 15.
Nxe5 Bxe5 16. Be2 Qd6 17. Qb3 b5 18. Nc5 Ra7 19. Rfd1 Be6 20. Nxe6 fxe6 21. Bf3
Raf7 22. Rd2 Bxg3 23. Qa3 Bh2+ 24. Kf1 Qxa3 25. bxa3 Kg7 26. Rc6 e5 27. Bxd5
Rf6 28. Rdc2 h5 29. Rxf6 Rxf6 30. Rc6 h4 31. Rxf6 Kxf6 32. Bb7 a5 33. Ba6 b4
34. axb4 axb4 35. g3 hxg3 36. Kg2 Kf5 37. fxg3 Ke4 38. Kxh2 Kxe3 39. Kg2 g5 40.
Bb5 e4 41. Ba6 Kd2 42. Kf2 e3+ 43. Kf3 g4+ 44. Kxg4 e2 45. Bxe2 Kxe2 46. Kf4
Kd3 47. Ke5 1-0

[Event "VIII Festival A"]
[Site "Amantea ITA"]
[Date "2010.09.04"]
[Round "8"]
[White "Blagojevic, Dragisa"]
[Black "Isonzo, David"]
[Result "1/2-1/2"]
[WhiteElo "2499"]
[BlackElo "2357"]
[PlyCount "75"]
[EventDate "2010.08.29"]

1. d4 d5 2. c4 dxc4 3. e3 Nf6 4. Bxc4 e6 5. Nf3 c5 6. O-O Nc6 7. Nc3 Be7 8. Qe2
cxd4 9. Rd1 O-O 10. Nxd4 Nxd4 11. exd4 Nd5 12. Qf3 Nxc3 13. bxc3 Qc7 14. Bd3
Bd6 15. c4 e5 16. c5 Be7 17. Re1 Bf6 18. dxe5 Bxe5 19. Bxh7+ Kxh7 20. Qh5+ Kg8
21. Qxe5 Qxe5 22. Rxe5 Bd7 23. Rd5 Rfe8 24. Be3 Bc6 25. Rd6 Re4 26. h3 Ra4 27.
a3 Re8 28. Rd3 Be4 29. Rc3 Rd8 30. Rac1 Rd3 31. Rxd3 Bxd3 32. Rc3 Bb5 33. f3 a6
34. Kf2 Rc4 35. Rb3 f6 36. h4 Kf7 37. h5 Ke6 38. h6 1/2-1/2

[Event "VIII Festival A"]
[Site "Amantea ITA"]
[Date "2010.09.04"]
[Round "8"]
[White "Borsos, Bogdan"]
[Black "Ljubisavljevic, Zivojin Z."]
[Result "1/2-1/2"]
[WhiteElo "2342"]
[BlackElo "2271"]
[PlyCount "120"]
[EventDate "2010.08.29"]

1. Nf3 c5 2. e4 Nc6 3. c3 d6 4. d4 cxd4 5. cxd4 Nf6 6. Nc3 g6 7. d5 Nb8 8. Bb5+
Bd7 9. Qb3 Bg7 10. Bxd7+ Nbxd7 11. Qxb7 O-O 12. Qa6 Nc5 13. Qe2 Qa5 14. O-O
Rab8 15. h3 Nfd7 16. Bg5 Rfe8 17. Rab1 Bxc3 18. bxc3 Qxc3 19. Rxb8 Nxb8 20. e5
dxe5 21. Rc1 Qd3 22. Qxe5 Nbd7 23. Qd4 Qxd4 24. Nxd4 f6 25. Be3 Kf7 26. Nc6 Na4
27. Nxa7 Ndb6 28. d6 exd6 29. Nb5 Rd8 30. Rc7+ Rd7 31. Bxb6 Nxb6 32. Rxd7+ Nxd7
33. Nxd6+ Ke6 34. Ne4 Ke5 35. f3 f5 36. Ng5 h6 37. Nf7+ Kf6 38. Nd6 Ke5 39.
Nf7+ Kf6 40. Nd6 Ke5 41. Nb5 Nc5 42. Kf2 Nd3+ 43. Kf1 Nc5 44. g3 g5 45. Ke2 h5
46. Nc3 h4 47. gxh4 gxh4 48. a4 Ne6 49. Ke3 f4+ 50. Kf2 Kd4 51. Ne4 Kc4 52.
Nd6+ Kb4 53. Nf5 Kxa4 54. Nxh4 Kb5 55. Ng6 Kc6 56. h4 Ng7 57. Nxf4 Kd6 58. h5
Nf5 59. Kg2 Ke5 60. Nd3+ Kf6 1/2-1/2

[Event "VIII Festival A"]
[Site "Amantea ITA"]
[Date "2010.09.04"]
[Round "8"]
[White "Cangiano, Federico"]
[Black "Carola, Paolo"]
[Result "0-1"]
[WhiteElo "1960"]
[BlackElo "1917"]
[PlyCount "134"]
[EventDate "2010.08.29"]

1. d4 d5 2. Nf3 Nf6 3. e3 Bf5 4. Bd3 Qc8 5. O-O Bxd3 6. Qxd3 e6 7. Nbd2 Be7 8.
e4 dxe4 9. Nxe4 Nbd7 10. Re1 Nxe4 11. Qxe4 Nf6 12. Qe2 O-O 13. Bg5 c5 14. Rad1
Rd8 15. c3 cxd4 16. Nxd4 Rd5 17. Nf3 Qc5 18. Rxd5 Qxd5 19. c4 Qa5 20. a3 Rd8
21. Ne5 Rd4 22. f3 Rd6 23. Qe3 Qd8 24. Qe2 h6 25. Be3 Nd7 26. Nd3 Nb6 27. Ne5
Bf6 28. c5 Rd5 29. Nxf7 Kxf7 30. cxb6 axb6 31. f4 Rd3 32. Kf1 Rb3 33. Bc1 Qd3
34. Rd1 Qxe2+ 35. Kxe2 Bxb2 36. Be3 Bxa3 37. Rd7+ Kf6 38. Rxb7 b5 39. g4 Rb2+
40. Kf3 Rb3 41. Ke4 Bb2 42. Rb6 Rb4+ 43. Kf3 Rb3 44. Ke2 Kf7 45. Rb7+ Kf6 46.
h4 h5 47. gxh5 Kf5 48. h6 gxh6 49. Rh7 Ke4 50. Bd2 Rh3 51. Rxh6 Rh2+ 52. Ke1
Kd3 53. Ba5 Bd4 54. Kf1 Rf2+ 55. Ke1 Rxf4 56. Rxe6 Rxh4 57. Kf1 Rh1+ 58. Kg2
Ra1 59. Bc7 b4 60. Rd6 b3 61. Bb6 Ra4 62. Bxd4 Rxd4 63. Rb6 Kc2 64. Rc6+ Kb1
65. Kf2 b2 66. Ke2 Ka2 67. Ra6+ Kb3 0-1

[Event "VIII Festival A"]
[Site "Amantea ITA"]
[Date "2010.09.04"]
[Round "8"]
[White "Cordi', Domenico"]
[Black "Panarello, Giuseppe"]
[Result "1/2-1/2"]
[WhiteElo "2047"]
[BlackElo "1925"]
[PlyCount "88"]
[EventDate "2010.08.29"]

1. d4 d5 2. c4 e6 3. Nc3 f5 4. Nf3 Nf6 5. Bg5 c6 6. e3 Be7 7. Be2 O-O 8. O-O
Nbd7 9. Bxf6 Nxf6 10. Ne5 Bd6 11. f4 Ne4 12. Nxe4 fxe4 13. c5 Bxe5 14. fxe5
Rxf1+ 15. Qxf1 Qe7 16. Qf4 Bd7 17. Rf1 Rf8 18. Qxf8+ Qxf8 19. Rxf8+ Kxf8 20.
Kf2 g5 21. Kg3 Be8 22. h4 gxh4+ 23. Kxh4 Kg7 24. b4 a6 25. Kg5 h6+ 26. Kh4 Kh7
27. Bh5 Bg6 28. a4 Kg7 29. Bg4 Bf7 30. Be2 Be8 31. g3 Bd7 32. Bh5 Kh7 33. Kh3
Kg7 34. Kg2 Kf8 35. Kf1 Ke7 36. Ke1 Kd8 37. Ke2 Ke7 38. Kd2 Kf8 39. Kc3 Kg7 40.
Be2 Kg6 41. b5 a5 42. b6 h5 43. Kd2 Kg5 44. Ke1 Be8 1/2-1/2

[Event "VIII Festival A"]
[Site "Amantea ITA"]
[Date "2010.09.04"]
[Round "8"]
[White "Diaz, Linda"]
[Black "Rotelli, Pietro"]
[Result "0-1"]
[WhiteElo "2010"]
[BlackElo "1959"]
[PlyCount "84"]
[EventDate "2010.08.29"]

1. e4 c6 2. d4 d5 3. Nc3 dxe4 4. Nxe4 Bf5 5. Ng3 Bg6 6. Nf3 Nd7 7. Nh4 e6 8.
Nxg6 hxg6 9. Bf4 Ngf6 10. c3 Nd5 11. Be3 Nxe3 12. fxe3 Bd6 13. Qf3 Qh4 14. Rg1
Qxh2 15. Ne2 Nf6 16. e4 Qh4+ 17. g3 Qxe4 18. Qxe4 Nxe4 19. O-O-O O-O-O 20. Kb1
Rh2 21. Rd3 Rdh8 22. Bg2 Ng5 23. Nf4 Bxf4 24. gxf4 Nh3 25. Bxh3 R8xh3 26. Rxh3
Rxh3 27. Kc2 Kd7 28. Rg2 Ke7 29. Rf2 Kf6 30. Kd2 Kf5 31. a3 Ke4 32. Ke2 Re3+
33. Kd2 Rd3+ 34. Ke2 Re3+ 35. Kd2 Rf3 36. Rh2 Rxf4 37. Rh7 g5 38. Rxg7 g4 39.
Ke2 b5 40. Rh7 g3 41. Rg7 Rf2+ 42. Kd1 g2 0-1

[Event "VIII Festival A"]
[Site "Amantea ITA"]
[Date "2010.09.04"]
[Round "8"]
[White "Gershenov, Ben"]
[Black "Llaneza Vega, Patricia"]
[Result "1/2-1/2"]
[WhiteElo "2037"]
[BlackElo "2289"]
[PlyCount "84"]
[EventDate "2010.08.29"]

1. e4 c5 2. Nc3 Nc6 3. Nf3 Nf6 4. d4 cxd4 5. Nxd4 e6 6. Nxc6 bxc6 7. Bd3 d5 8.
O-O Be7 9. e5 Nd7 10. Qg4 g6 11. Re1 Qb6 12. Rb1 Ba6 13. Bxa6 Qxa6 14. Bg5 Bxg5
15. Qxg5 Qc4 16. Qh6 Qc5 17. h4 Rb8 18. h5 Rb4 19. hxg6 fxg6 20. Qh3 Qe7 21.
Ne2 O-O 22. Qa3 Qc5 23. Rf1 Re4 24. Qxc5 Nxc5 25. Rfe1 Rxe5 26. Nd4 Rxe1+ 27.
Rxe1 Rc8 28. b4 Ne4 29. Nxe6 Kf7 30. Nf4 Nc3 31. Re3 Nxa2 32. Ra3 Nxb4 33. c3
g5 34. Rxa7+ Kf6 35. Nh5+ Kg6 36. cxb4 Kxh5 37. Rxh7+ Kg6 38. Rd7 Kf6 39. Kf1
Ke6 40. Rg7 Kf6 41. Rd7 Ke6 42. Rg7 Kf6 1/2-1/2

[Event "VIII Festival A"]
[Site "Amantea ITA"]
[Date "2010.09.04"]
[Round "8"]
[White "Grasso, Gaetano"]
[Black "Hajenius, Willem"]
[Result "1/2-1/2"]
[WhiteElo "1975"]
[BlackElo "2050"]
[PlyCount "81"]
[EventDate "2010.08.29"]

1. e4 c5 2. c3 b6 3. d4 Bb7 4. e5 g6 5. Nf3 Bg7 6. Be2 Nc6 7. O-O d6 8. e6 Nh6
9. Bxh6 Bxh6 10. exf7+ Kxf7 11. d5 Nb8 12. c4 Nd7 13. Nc3 Nf6 14. Bd3 Rf8 15.
Re1 Bc8 16. Qc2 Rg8 17. h3 Rg7 18. g4 Bf4 19. Ne2 g5 20. Ng3 Bxg3 21. fxg3 h5
22. Qd2 Qg8 23. gxh5 Nxh5 24. g4 Nf6 25. Qe3 Kf8 26. Nxg5 Nxg4 27. hxg4 Bxg4
28. Bg6 e5 29. Rf1+ Ke7 30. Rf7+ Rxf7 31. Bxf7 Qg7 32. Rf1 Qh6 33. Rf2 Rh8 34.
Rg2 Qh1+ 35. Kf2 Qh4+ 36. Kf1 Rf8 37. Kg1 Rh8 38. Qd2 Qh1+ 39. Kf2 Qh4+ 40. Kf1
Qh1+ 41. Kf2 1/2-1/2

[Event "VIII Festival A"]
[Site "Amantea ITA"]
[Date "2010.09.04"]
[Round "8"]
[White "Grigore, George-Gabriel"]
[Black "Collutiis, Duilio"]
[Result "1/2-1/2"]
[WhiteElo "2532"]
[BlackElo "2438"]
[PlyCount "69"]
[EventDate "2010.08.29"]

1. d4 Nf6 2. c4 c5 3. d5 b5 4. cxb5 a6 5. bxa6 g6 6. Nc3 Bxa6 7. g3 d6 8. Bg2
Bg7 9. Nf3 Nbd7 10. Rb1 Nb6 11. b3 Ra7 12. O-O Qa8 13. Ne1 O-O 14. Nc2 Rb8 15.
Re1 Ne8 16. Bb2 Nc7 17. e4 Nc4 18. Ba1 Ne5 19. Bf1 Bxf1 20. Kxf1 Rab7 21. Ne3
c4 22. Re2 Qa6 23. Kg2 cxb3 24. axb3 Rb4 25. Ra2 Qd3 26. Ra7 R4b7 27. Rxb7 Rxb7
28. Qxd3 Nxd3 29. Nc4 Ra7 30. Na4 Bxa1 31. Rxa1 Nc5 32. Nd2 Nb5 33. Rb1 Nxa4
34. bxa4 Nc3 35. Rc1 1/2-1/2

[Event "VIII Festival A"]
[Site "Amantea ITA"]
[Date "2010.09.04"]
[Round "8"]
[White "Llaneza Vega, Marcos"]
[Black "Mladenov, Plamen"]
[Result "1-0"]
[WhiteElo "2470"]
[BlackElo "2363"]
[PlyCount "77"]
[EventDate "2010.08.29"]

1. e4 c5 2. Nf3 e6 3. d4 cxd4 4. Nxd4 Nf6 5. Bd3 Nc6 6. Nxc6 bxc6 7. O-O d5 8.
e5 Nd7 9. Re1 Qc7 10. Bf4 Rb8 11. b3 Nc5 12. Bf1 Ne4 13. Rxe4 dxe4 14. Nd2 f5
15. Nc4 Bc5 16. Nd6+ Bxd6 17. exd6 Qd7 18. Qd4 O-O 19. Rd1 Rb6 20. c4 Rb8 21.
c5 a5 22. Bc4 Ra8 23. Qe5 h6 24. Bd2 Rf6 25. Be2 Ba6 26. Bh5 Bd3 27. Qf4 Rff8
28. Bc3 Kh7 29. Re1 g5 30. Qe5 g4 31. Re3 Rg8 32. Qf6 Raf8 33. Bg6+ Rxg6 34.
Qxf8 Rg8 35. Qf6 Ra8 36. h3 h5 37. Qg5 Qf7 38. d7 f4 39. Rxd3 1-0

[Event "VIII Festival A"]
[Site "Amantea ITA"]
[Date "2010.09.04"]
[Round "8"]
[White "Pelyushenko, Ivanna"]
[Black "Colucci, Pasquale"]
[Result "1/2-1/2"]
[WhiteElo "1926"]
[BlackElo "2016"]
[PlyCount "92"]
[EventDate "2010.08.29"]

1. e4 c5 2. Nf3 d6 3. d4 cxd4 4. Nxd4 Nf6 5. Nc3 g6 6. Be3 Bg7 7. Be2 O-O 8.
O-O Nc6 9. Nb3 Ne5 10. f4 Nc6 11. Qe1 Bg4 12. Bxg4 Nxg4 13. Rf3 Nxe3 14. Qxe3
a5 15. a4 Nb4 16. Rc1 Rc8 17. f5 b6 18. Rh3 e6 19. Qf4 exf5 20. exf5 gxf5 21.
Qxf5 h6 22. Rg3 d5 23. Qg4 Qf6 24. Rf1 Qg6 25. Qxg6 fxg6 26. Rxf8+ Kxf8 27.
Rxg6 d4 28. Ne4 Rxc2 29. Rxb6 d3 30. Rd6 Rxb2 31. Nbc5 Re2 32. Rd8+ Kf7 33.
Rd7+ Kg6 34. h4 Be5 35. Kf1 Ra2 36. g4 h5 37. gxh5+ Kxh5 38. Rh7+ Kg4 39. Nf2+
Rxf2+ 40. Kxf2 Bd4+ 41. Ke1 Bxc5 42. Rc7 Be3 43. Rc4+ Kf3 44. Kd1 d2 45. Rc3
Nd5 46. Rd3 Nf4 1/2-1/2

[Event "VIII Festival A"]
[Site "Amantea ITA"]
[Date "2010.09.04"]
[Round "8"]
[White "Vespe, Francesco"]
[Black "Luvera', Filippo"]
[Result "1-0"]
[WhiteElo "1996"]
[BlackElo "1953"]
[PlyCount "95"]
[EventDate "2010.08.29"]

1. d4 d5 2. c4 e6 3. Nc3 Nf6 4. Bg5 Be7 5. e3 h6 6. Bh4 O-O 7. Nf3 c6 8. Bd3
dxc4 9. Bxc4 b5 10. Bd3 Bb7 11. Rc1 a6 12. O-O Nbd7 13. Ne4 Nxe4 14. Bxe7 Qxe7
15. Bxe4 Rac8 16. Nd2 Nf6 17. Bf3 e5 18. Nb3 e4 19. Bg4 Nxg4 20. Qxg4 Rfe8 21.
Rc5 Qe6 22. Qxe6 Rxe6 23. Rfc1 Rce8 24. Na5 Ba8 25. Nxc6 Bxc6 26. Rxc6 Kf8 27.
Kf1 f5 28. Ke2 Kf7 29. b4 Rxc6 30. Rxc6 Re6 31. Rc5 g6 32. Kd2 Ke7 33. d5 Rd6
34. Kc3 Rb6 35. Kd4 Kd6 36. g4 h5 37. gxf5 gxf5 38. Rc6+ Rxc6 39. dxc6 Kxc6 40.
Ke5 a5 41. bxa5 b4 42. Kxf5 Kb5 43. Kxe4 Kxa5 44. Kd3 Kb5 45. f4 h4 46. f5 Kc5
47. f6 Kd6 48. e4 1-0

[Event "VIII Festival A"]
[Site "Amantea ITA"]
[Date "2010.09.05"]
[Round "9"]
[White "Carola, Paolo"]
[Black "Colucci, Pasquale"]
[Result "0-1"]
[WhiteElo "1917"]
[BlackElo "2016"]
[PlyCount "140"]
[EventDate "2010.08.29"]

1. e4 c5 2. Nf3 d6 3. Bb5+ Bd7 4. Bxd7+ Qxd7 5. O-O Nc6 6. d4 cxd4 7. Nxd4 Nf6
8. Nc3 g6 9. f3 Bg7 10. Be3 O-O 11. Nb3 Rfc8 12. Qe2 Ne5 13. Rad1 Nc4 14. Bc1
b5 15. Rfe1 Qb7 16. Nd5 e6 17. Ne3 Qb6 18. Kh1 Nd7 19. Nxc4 Rxc4 20. c3 Rac8
21. Be3 Qc7 22. Bd4 Bxd4 23. Rxd4 Nb6 24. Red1 d5 25. exd5 Nxd5 26. g3 Rxd4 27.
Nxd4 Qc4 28. Qe5 Re8 29. a3 a6 30. Re1 Qc7 31. f4 Qxe5 32. Rxe5 Kf8 33. Kg2 Ke7
34. Kf3 Kd6 35. g4 f6 36. Re2 Re7 37. g5 fxg5 38. fxg5 e5 39. Nc2 Rf7+ 40. Kg3
Rf5 41. h4 Rf4 42. Ne3 Re4 43. Kf3 Rxh4 44. Nxd5 Kxd5 45. Rd2+ Ke6 46. Rd8 Kf5
47. Ra8 Ra4 48. Rh8 Kxg5 49. Rxh7 Rf4+ 50. Ke3 Kg4 51. Ra7 Ra4 52. Rg7 Kf5 53.
Rf7+ Ke6 54. Rg7 Kf6 55. Ra7 g5 56. Ra8 g4 57. Rf8+ Ke6 58. Re8+ Kd5 59. Kd3
Rf4 60. Rd8+ Kc6 61. Rc8+ Kd7 62. Ra8 Ra4 63. Rg8 Ke6 64. Re8+ Kf5 65. Rf8+ Kg5
66. Ke3 g3 67. Rg8+ Kh4 68. Rh8+ Kg4 69. Rg8+ Kh3 70. Rh8+ Rh4 0-1

[Event "VIII Festival A"]
[Site "Amantea ITA"]
[Date "2010.09.05"]
[Round "9"]
[White "Collutiis, Duilio"]
[Black "Gromovs, Sergejs"]
[Result "1/2-1/2"]
[WhiteElo "2438"]
[BlackElo "2365"]
[PlyCount "37"]
[EventDate "2010.08.29"]

1. e4 d6 2. d4 Nf6 3. Nc3 g6 4. Nf3 a6 5. a4 b6 6. Bc4 Bg7 7. Qe2 c6 8. e5 dxe5
9. Nxe5 O-O 10. O-O Nd5 11. Ne4 Bb7 12. c3 c5 13. Ng5 cxd4 14. Nexf7 Qc8 15.
cxd4 Rxf7 16. Nxf7 Kxf7 17. Re1 Bf6 18. Bf4 Kg7 19. Be5 1/2-1/2

[Event "VIII Festival A"]
[Site "Amantea ITA"]
[Date "2010.09.05"]
[Round "9"]
[White "Diaz, Linda"]
[Black "Cangiano, Federico"]
[Result "0-1"]
[WhiteElo "2010"]
[BlackElo "1960"]
[PlyCount "70"]
[EventDate "2010.08.29"]

1. e4 e6 2. d4 d5 3. e5 c5 4. c3 Nc6 5. Nf3 Qb6 6. Bd3 cxd4 7. cxd4 Bd7 8. Be2
Nh6 9. Bxh6 Qxb2 10. Bxg7 Bxg7 11. Nbd2 Nxd4 12. Rb1 Nxf3+ 13. gxf3 Qxe5 14.
Rxb7 Bc6 15. Rb1 O-O 16. Rb4 f5 17. f4 Qd6 18. a3 a5 19. Rb6 Qc5 20. Qb1 Bd4
21. Rb3 Bxf2+ 22. Kf1 Bd4 23. Nf3 Bg7 24. Ng5 Qd6 25. Qc1 Rab8 26. Rg3 Rb7 27.
Rhg1 h6 28. Nf3 Kh7 29. Ne5 Be8 30. Rh3 Qc7 31. Qe1 Qe7 32. Qg3 Rb1+ 33. Kg2
Rxg1+ 34. Kxg1 Rg8 35. Qg5 Bf8 0-1

[Event "VIII Festival A"]
[Site "Amantea ITA"]
[Date "2010.09.05"]
[Round "9"]
[White "Drasko, Milan"]
[Black "Gershenov, Ben"]
[Result "1-0"]
[WhiteElo "2505"]
[BlackElo "2037"]
[PlyCount "75"]
[EventDate "2010.08.29"]

1. Nf3 Nf6 2. g3 g6 3. Bg2 Bg7 4. d4 d5 5. c4 c6 6. cxd5 cxd5 7. Nc3 Nc6 8. Ne5
O-O 9. O-O Qb6 10. Nxc6 bxc6 11. b3 Nd7 12. Be3 Ba6 13. Qd2 Rfe8 14. Rfd1 Qb4
15. Rac1 Rac8 16. Bh6 Bxh6 17. Qxh6 e5 18. dxe5 Nxe5 19. Qf4 Qe7 20. h4 h5 21.
Rc2 Kg7 22. Qa4 Qb7 23. Qd4 Qb6 24. Na4 Qxd4 25. Rxd4 Rcd8 26. Nc5 Bc8 27. Rcd2
f5 28. f3 Nd7 29. Nxd7 Rxd7 30. e4 Bb7 31. exd5 cxd5 32. Rc2 Rc8 33. Rxc8 Bxc8
34. Kf2 Bb7 35. Bf1 Bc6 36. Ba6 Kf6 37. f4 Ke6 38. Bc8 1-0

[Event "VIII Festival A"]
[Site "Amantea ITA"]
[Date "2010.09.05"]
[Round "9"]
[White "Grigore, George-Gabriel"]
[Black "Blagojevic, Dragisa"]
[Result "1/2-1/2"]
[WhiteElo "2532"]
[BlackElo "2499"]
[PlyCount "49"]
[EventDate "2010.08.29"]

1. d4 d5 2. c4 e6 3. Nc3 c6 4. e3 Nf6 5. Nf3 Nbd7 6. Qc2 Bd6 7. b3 O-O 8. Bd3
dxc4 9. bxc4 e5 10. O-O Re8 11. Ng5 Nf8 12. dxe5 Bxe5 13. f4 Bxc3 14. Qxc3 h6
15. Nf3 Ne4 16. Bxe4 Rxe4 17. Bb2 f6 18. Rae1 Bf5 19. Nd2 Re6 20. e4 Qe7 21. e5
fxe5 22. fxe5 Bg6 23. Nf3 c5 24. Rd1 Re8 25. Rfe1 1/2-1/2

[Event "VIII Festival A"]
[Site "Amantea ITA"]
[Date "2010.09.05"]
[Round "9"]
[White "Ljubisavljevic, Zivojin Z."]
[Black "Llaneza Vega, Marcos"]
[Result "1/2-1/2"]
[WhiteElo "2271"]
[BlackElo "2470"]
[PlyCount "94"]
[EventDate "2010.08.29"]

1. c4 Nf6 2. Nc3 e5 3. g3 Nc6 4. Bg2 g6 5. d3 Bg7 6. Nf3 O-O 7. O-O d6 8. Rb1
a5 9. a3 h6 10. b4 axb4 11. axb4 Be6 12. b5 Ne7 13. Nd2 Qc8 14. b6 c6 15. Qb3
Ra6 16. Nde4 Ne8 17. Ba3 Qd7 18. Bxd6 Nxd6 19. Nc5 Qc8 20. Nxa6 bxa6 21. b7 Qb8
22. Na4 Nef5 23. Nc5 Nd4 24. Qa3 Nxb7 25. Nxb7 Nxe2+ 26. Kh1 Qc7 27. Qxa6 Bf5
28. Nc5 Qd6 29. Qa5 Qd4 30. Rbd1 Rb8 31. Rd2 Nc3 32. Rc2 e4 33. dxe4 Nxe4 34.
Nxe4 Bxe4 35. Rcc1 Bxg2+ 36. Kxg2 Qe4+ 37. Kg1 Bd4 38. Qe1 Qf5 39. Qd2 c5 40.
Qxh6 Rb2 41. Qf4 Qxf4 42. gxf4 Kg7 43. Kg2 Kf6 44. Rb1 Rc2 45. Rbc1 Ra2 46.
Rce1 Rc2 47. Rc1 Ra2 1/2-1/2

[Event "VIII Festival A"]
[Site "Amantea ITA"]
[Date "2010.09.05"]
[Round "9"]
[White "Mladenov, Plamen"]
[Black "Bentivegna, Francesco"]
[Result "1/2-1/2"]
[WhiteElo "2363"]
[BlackElo "2340"]
[PlyCount "101"]
[EventDate "2010.08.29"]

1. Nf3 d5 2. c4 c6 3. d4 Nf6 4. cxd5 cxd5 5. Nc3 Nc6 6. Bf4 e6 7. Rc1 Be7 8. e3
Nh5 9. Be5 O-O 10. Bd3 f6 11. Bg3 f5 12. Be5 Bd7 13. h3 Nf6 14. g4 Ne4 15. gxf5
Nxc3 16. bxc3 exf5 17. Qb3 Nxe5 18. Nxe5 Bc6 19. f4 Bd6 20. Nf3 Kh8 21. h4 b5
22. h5 Qe7 23. Kf2 Rac8 24. Nh4 Qe6 25. Rcg1 Rce8 26. Rh3 Be7 27. Ng6+ hxg6 28.
hxg6+ Kg8 29. Qd1 Rf6 30. Qh5 Kf8 31. Bxf5 Rxf5 32. Qxf5+ Bf6 33. Qxe6 Rxe6 34.
Rh8+ Ke7 35. Rg8 Be8 36. Rb1 Ra6 37. Rxe8+ Kxe8 38. Rxb5 Rxa2+ 39. Kf3 Ra3 40.
Rxd5 Rxc3 41. Ke2 Bd8 42. Re5+ Kd7 43. Rd5+ Ke8 44. Re5+ Kd7 45. Rf5 Ke6 46.
Rf7 Bf6 47. Rxa7 Kf5 48. Ra6 Kxg6 49. e4 Rc4 50. e5 Rxd4 51. exf6 1/2-1/2

[Event "VIII Festival A"]
[Site "Amantea ITA"]
[Date "2010.09.05"]
[Round "9"]
[White "Pelyushenko, Ivanna"]
[Black "Grasso, Gaetano"]
[Result "0-1"]
[WhiteElo "1926"]
[BlackElo "1975"]
[PlyCount "48"]
[EventDate "2010.08.29"]

1. e4 c5 2. Nf3 Nc6 3. d4 cxd4 4. Nxd4 e5 5. Nb3 Nf6 6. Nc3 Bb4 7. Bg5 h6 8.
Bxf6 Bxc3+ 9. bxc3 Qxf6 10. Bd3 O-O 11. O-O Ne7 12. Re1 d6 13. Re3 Ng6 14. Rf3
Qe7 15. Rg3 Be6 16. Qh5 Kh7 17. Nd2 Rad8 18. c4 b6 19. Be2 b5 20. Rc3 Nf4 21.
Qf3 Qg5 22. g3 Nh3+ 23. Kh1 Qxd2 24. Rd1 Nxf2+ 0-1

[Event "VIII Festival A"]
[Site "Amantea ITA"]
[Date "2010.09.05"]
[Round "9"]
[White "Rotelli, Pietro"]
[Black "Vespe, Francesco"]
[Result "0-1"]
[WhiteElo "1959"]
[BlackElo "1996"]
[PlyCount "84"]
[EventDate "2010.08.29"]

1. d4 Nf6 2. c4 e6 3. Nf3 b6 4. Nc3 Bb7 5. e3 Be7 6. Bd3 O-O 7. O-O d6 8. e4
Nbd7 9. Bd2 e5 10. d5 Nc5 11. Bc2 a5 12. Re1 Qd7 13. a3 a4 14. Be3 Nb3 15. Bxb3
axb3 16. Qxb3 Ba6 17. Nd2 Ng4 18. f3 Nxe3 19. Rxe3 Bg5 20. Re2 Qe7 21. Qa2 Bf4
22. b3 Qg5 23. Rae1 Bc8 24. Nf1 h5 25. Nb5 Qe7 26. g3 Bg5 27. a4 f5 28. exf5
Bxf5 29. f4 Bf6 30. Nd4 Bg4 31. Nc6 Qd7 32. Rf2 exf4 33. Rxf4 Rfe8 34. Qf2 Bg5
35. Rfe4 Rxe4 36. Rxe4 Rf8 37. Qe1 Bh3 38. Ne7+ Bxe7 39. Ne3 Bg5 40. Ng2 Qf5
41. Nf4 Bxf4 42. Rxf4 Qc2 0-1

[Event "VIII Festival A"]
[Site "Amantea ITA"]
[Date "2010.09.05"]
[Round "9"]
[White "Rotunno, Giuseppe"]
[Black "Cordi', Domenico"]
[Result "1-0"]
[WhiteElo "2046"]
[BlackElo "2047"]
[PlyCount "67"]
[EventDate "2010.08.29"]

1. d4 Nf6 2. c4 g6 3. Nc3 Bg7 4. e4 d6 5. f3 O-O 6. Be3 c6 7. Qd2 e5 8. Nge2
Qe7 9. O-O-O Re8 10. Kb1 Na6 11. d5 cxd5 12. cxd5 Bd7 13. g4 Rec8 14. h4 h5 15.
Ng3 hxg4 16. h5 gxf3 17. hxg6 fxg6 18. Bh6 Nc5 19. Bxg7 Qxg7 20. Bh3 Kf7 21.
Be6+ Nxe6 22. dxe6+ Bxe6 23. Qxd6 Ng4 24. Nd5 Rc6 25. Qe7+ Kg8 26. Qg5 Re8 27.
Rh4 Nf2 28. Rf1 Nxe4 29. Nxe4 Bxd5 30. Ng3 Rec8 31. Rfh1 f2 32. Rd1 Rd6 33. Qg4
Qc7 34. Rdh1 1-0

[Event "VIII Festival A"]
[Site "Amantea ITA"]
[Date "2010.09.05"]
[Round "9"]
[White "Santagati, Alessandro"]
[Black "Milchev, Nikolay"]
[Result "0-1"]
[WhiteElo "2187"]
[BlackElo "2360"]
[PlyCount "78"]
[EventDate "2010.08.29"]

1. d4 d5 2. c4 Nc6 3. Nf3 Bg4 4. e3 e5 5. dxe5 dxc4 6. Nbd2 Nxe5 7. Bxc4 c6 8.
Qb3 Nxc4 9. Qxc4 Nf6 10. O-O Be7 11. e4 Nd7 12. h3 Be6 13. Qe2 Nc5 14. Ne1 Qd4
15. e5 O-O-O 16. Ndf3 Qc4 17. Qe3 Rd1 18. Nd2 Qb5 19. Qf3 Rxd2 20. Bxd2 Bc4 21.
Qg4+ Ne6 22. a4 Qxb2 23. Qxc4 Qxa1 24. Nf3 Qb2 25. Qe4 g6 26. Rb1 Qa2 27. Rc1
Rd8 28. Bb4 Qxa4 29. Rc4 Bxb4 30. Rxb4 Qa2 31. Rb1 h5 32. Qb4 Rd7 33. Rb2 Qa1+
34. Rb1 Rd1+ 35. Rxd1 Qxd1+ 36. Kh2 c5 37. Qa5 a6 38. Nd2 Qe1 39. f4 h4 0-1